Central Library and Information Centre
Sibsagar Girls' College, Sivasagar : Assam

KAYBA MANJUSHA (Record no. 1126)

MARC details
000 -LEADER
fixed length control field 00351cam a2200169ua 4500
008 - FIXED-LENGTH DATA ELEMENTS--GENERAL INFORMATION
fixed length control field 121106n II |||gr||||Z||||||ben
040 ## - CATALOGING SOURCE
Original cataloging agency MAIN
041 ## - LANGUAGE CODE
-- English
082 ## - DEWEY DECIMAL CLASSIFICATION NUMBER
Classification number 891.491 MAJ
082 ## - DEWEY DECIMAL CLASSIFICATION NUMBER
Classification number 891.451 MAJ
100 ## - MAIN ENTRY--PERSONAL NAME
Personal name MAJUMDER.
245 ## - TITLE STATEMENT
Title KAYBA MANJUSHA
300 ## - PHYSICAL DESCRIPTION
Dimensions 20CM.
942 ## - ADDED ENTRY ELEMENTS (KOHA)
Koha item type Books
653 ## - INDEX TERM--UNCONTROLLED
Uncontrolled term Asomiya Kabita
Holdings
Withdrawn status Lost status Damaged status Not for loan Collection code Home library Current library Shelving location Date acquired Full call number Barcode Date last seen Copy number Price effective from Koha item type Public note
        TBASM Central Library and Information Centre Sibsagar Girls College Central Library and Information Centre Sibsagar Girls College ASSAMESE BOOK RACK 07.04.1968 891.491 MAJ 01227 27.02.2020 1 27.02.2020 Books V
        REFASM Central Library and Information Centre Sibsagar Girls College Central Library and Information Centre Sibsagar Girls College ASSAMESE OLD REFERENCE 07.04.1968 891.451 MAJ 01228 27.02.2020 2 27.02.2020 Books V


Sibsagar Girl's College © 2020. All rights reserved.
Powered by Koha.
Maintained by Abhijit Borpuzari.